| 000 | 00518nam a2200181 i 4500 | ||
|---|---|---|---|
| 001 | 63202 | ||
| 003 | ES-MaACL | ||
| 005 | 20230906164815.0 | ||
| 007 | t| | ||
| 008 | 031202s1963 sp ||||1| spa d | ||
| 080 | _a726 | ||
| 100 | 1 |
_aFerrando Roig, Juan. _950292 |
|
| 245 | 1 | 0 |
_aConstrucción y renovación de templos / _cJuan Ferrando Roig. |
| 260 |
_aBarcelona : _bFlores, _c1963. |
||
| 300 |
_aXII, 114 p. : _bil. ; _c22 cm. |
||
| 650 | 4 |
_aArquitectura religiosa. _910048 |
|
| 852 |
_aES-MaACL _jC-32724 _bR.63496 |
||
| 999 |
_c63202 _d63202 |
||